Hauptorte der Schweizer Kantone mit Karte - Statistiken

Allgemein
  • Dieses Quiz wurde 2.838 mal gespielt
  • Das Durchschnittsergebnis liegt bei 18 aus 26
Antworten auf der Karte
Die Antworten werden auf der Karte rot bzw. grün angezeigt, abhängig davon wie oft sie richtig erraten wurden.
 
Antwortstatistiken
Kantone Hauptorte % Korrekt
Bern Bern
90%
Zürich Zürich
89%
Basel-Stadt Basel
88%
Genf Genf
88%
Aargau Aarau
78%
Luzern Luzern
77%
Graubünden Chur
75%
Sankt Gallen Sankt Gallen
75%
Schaffhausen Schaffhausen
74%
Waadt Lausanne
73%
Freiburg Freiburg
71%
Appenzell Innerrhoden Appenzell
70%
Zug Zug
70%
Neuenburg Neuenburg
68%
Tessin Bellinzona
66%
Wallis Sitten
65%
Solothurn Solothurn
65%
Schwyz Schwyz
63%
Thurgau Frauenfeld
60%
Glarus Glarus
59%
Uri Altdorf
57%
Basel-Landschaft Liestal
55%
Jura Delsberg
52%
Appenzell Ausserrhoden Herisau / Trogen
52%
Obwalden Sarnen
48%
Nidwalden Stans
47%
Keine übereinstimmenden Quizze gefunden
Verteilung der Resultate
Anzahl Personen mit jedem Resultat
Perzentil nach korrekt beantworteten Fragen
Ihre Resultats-Entwicklung
Sie haben dieses Quiz noch nicht gespielt